00375 2200145 4500001002100000008004100021035002000062245004500082260003300127300001500160084001700175082001700192650000900209990001100218INLIS000000000001368 ind  a0010-0722000917 aKisah Teladan 25 Nabi & RasulcRahimsyah aJakarta :bBintang Indonesia a128c20 cm a297.34 RAH k a297.34 RAH k aNabi aDI.056